A carregar...

Haritham : Jl. of the School of Letters

Detalhes bibliográficos
Autor Corporativo: M.G. Univeristy
Outros Autores: Narendra Prasad
Formato: Periódico
Idioma:Undetermined
Publicado em: Kottayam M.G. Univeristy 1933
Assuntos:
LEADER 01190nas a2200253Iaa4500
001 S131
008 170806c99999999xx |||p|||||||| ||und||
037 |b Mahatma Gandhi Univeristy, Kottayam, India  |c Subscription 
245 |a Haritham : Jl. of the School of Letters 
260 |b M.G. Univeristy  |a Kottayam  |c 1933 
300 |a  v :   |b Ill.  |c  cm. 
362 |a Began from vol/year 1999 
650 |v Periodicals 
700 |a Narendra Prasad 
710 |a M.G. Univeristy 
866 |a Vol.11; 01-02-1999 
942 |c SER 
999 |c 183169  |d 183169 
952 |0 0  |1 0  |4 0  |7 0  |9 251449  |a LIB  |b LIB  |d 2017-08-13  |h Vol.11; 01-02-1999  |r 2017-08-13  |w 2017-08-13  |y SER 
952 |0 0  |1 0  |4 0  |7 0  |9 251450  |a LIB  |b LIB  |d 2017-08-13  |h Vol.12; 01-01-2000  |r 2017-08-13  |w 2017-08-13  |y SER 
952 |0 0  |1 0  |4 0  |7 0  |9 251451  |a LIB  |b LIB  |d 2017-08-13  |h Vol.13; 01-01-2001  |r 2017-08-13  |w 2017-08-13  |y SER 
952 |0 0  |1 0  |4 0  |7 0  |9 251452  |a LIB  |b LIB  |d 2017-08-13  |h 2001, Vol. 13  |p 248162  |r 2017-08-13  |w 2017-08-13  |x P(BV)  |y BV 
952 |0 0  |1 0  |4 0  |7 0  |9 251453  |a LIB  |b LIB  |d 2017-08-13  |h 2000, Vol. 12  |p 248161  |r 2017-08-13  |w 2017-08-13  |x P(BV)  |y BV 
952 |0 0  |1 0  |4 0  |7 0  |9 251454  |a LIB  |b LIB  |d 2017-08-13  |h 1999, Vol. 11  |p 248160  |r 2017-08-13  |w 2017-08-13  |x P(BV)  |y BV